[Event "Mar del Plata Duchamp op 45th"]
[Site "Mar del Plata"]
[Date "2014.04.16"]
[Round "6"]
[White "Perelman, Hernan"]
[Black "Tovillas, Daniel R"]
[Result "1-0"]
[WhiteElo "2353"]
[BlackElo "2187"]
[PlyCount "107"]
[EventDate "2014.04.12"]
[EventType "swiss"]
[EventRounds "9"]
[EventCountry "ARG"]
[SourceTitle "CBM 159 Extra"]
[Source "ChessBase"]
[SourceDate "2014.04.24"]
[SourceVersion "1"]
[SourceVersionDate "2014.04.24"]
[SourceQuality "1"]

1. d4 b6 2. c4 Bb7 3. Nf3 e6 4. a3 f5 5. Nc3 Nf6 6. d5 Be7 7. g3 0-0 8. Bg2 Qc8 9. 0-0 c6 10. Nd4 Na6 11. Bf4 Nc5 12. Rc1 Nh5 13. b4 Nxf4 14. gxf4 Ne4 15. Nxe4 fxe4 16. dxe6 dxe6 17. Bh3 Rf6 18. c5 bxc5 19. bxc5 Kh8 20. e3 Ba6 21. Re1 Rh6 22. Bg2 Bd3 23. f3 Bh4 24. fxe4 Ba6 25. Re2 Bxe2 26. Qxe2 Qf8 27. e5 Be7 28. Qc4 Qf7 29. Bf3 g5 30. f5 g4 31. Be4 Rg8 32. Nxe6 g3 33. h4 Rxh4 34. Nf4 Qf8 35. f6 Bd8 36. Bxc6 Qh6 37. Bg2 Bc7 38. Qe4 Qg5 39. f7 Rb8 40. Rf1 Bxe5 41. Ne6 Rxe4 42. Nxg5 Rxe3 43. f8Q+ Rxf8 44. Rxf8+ Kg7 45. Ne6+ Kg6 46. Rf3 Re1+ 47. Bf1 Bb2 48. Nf4+ Kh6 49. Nd3 Bd4+ 50. Kg2 Ra1 51. Rf4 Be3 52. Rc4 Ra2+ 53. Kxg3 Rxa3 54. c6 1-0

[Event "Montevideo"]
[Site "Montevideo"]
[Date "2012.11.27"]
[Round "6"]
[White "Arcos Facio, Mateo"]
[Black "Tovillas, Daniel R"]
[Result "1-0"]
[WhiteElo "2169"]
[BlackElo "2240"]
[PlyCount "59"]
[EventDate "2012.11.24"]
[EventType "tourn"]
[EventRounds "9"]
[EventCountry "URU"]
[EventCategory "2"]
[SourceTitle "CBM 151 Extra"]
[Source "ChessBase"]
[SourceDate "2012.12.18"]
[SourceVersion "1"]
[SourceVersionDate "2012.12.18"]
[SourceQuality "1"]

1. e4 c5 2. Nf3 Nc6 3. Bb5 d6 4. Bxc6+ bxc6 5. 0-0 d5 6. d3 e6 7. c4 d4 8. Re1 Qc7 9. e5 Ne7 10. h4 h5 11. Qe2 Ng6 12. Qe4 Bd7 13. Nbd2 Rb8 14. Nf1 Ne7 15. Ng3 Nf5 16. Qf4 Rb7 17. b3 g6 18. Ne4 Be7 19. Qh2 Kd8 20. Bg5 Qa5 21. Qf4 Be8 22. Nd6 Rd7 23. Bxe7+ Rxe7 24. Qg5 Kd7 25. Nd2 Qc7 26. N2e4 Kd8 27. Nxc5 Rf8 28. Qf6 Rg8 29. Re4 a5 30. Rb1 1-0

[Event "Montevideo"]
[Site "Montevideo"]
[Date "2012.11.24"]
[Round "1"]
[White "Coppola, Claudio"]
[Black "Tovillas, Daniel R"]
[Result "1-0"]
[WhiteElo "2165"]
[BlackElo "2240"]
[PlyCount "89"]
[EventDate "2012.11.24"]
[EventType "tourn"]
[EventRounds "9"]
[EventCountry "URU"]
[EventCategory "2"]
[SourceTitle "CBM 151 Extra"]
[Source "ChessBase"]
[SourceDate "2012.12.18"]
[SourceVersion "1"]
[SourceVersionDate "2012.12.18"]
[SourceQuality "1"]

1. d4 f5 2. g3 Nf6 3. Bg2 g6 4. Nh3 Bg7 5. Nf4 c6 6. 0-0 0-0 7. c4 d5 8. cxd5 cxd5 9. Nc3 e6 10. b3 Re8 11. Bb2 Nc6 12. e3 b6 13. Rc1 Qd7 14. b4 Bb7 15. Qb3 Kh8 16. Rfd1 Ba6 17. Qa4 Bc4 18. Ncxd5 b5 19. Nxf6 Bxf6 20. Qa3 Rad8 21. Nd3 Bg7 22. Nc5 Qc7 23. Bc3 Ne7 24. Nb3 Bd5 25. Bf1 Ba8 26. Na5 Qd6 27. d5 Nxd5 28. Bxg7+ Kxg7 29. Bxb5 Rf8 30. Qb2+ Kg8 31. a3 Qb6 32. Bc6 Nxe3 33. Rxd8 Rxd8 34. Bxa8 Rxa8 35. Rc6 Qd8 36. fxe3 Qd1+ 37. Kg2 Rd8 38. Rc2 g5 39. Nc6 Rd6 40. Nd4 g4 41. Qc3 Rd8 42. Rc1 Qa4 43. Nxe6 Rd7 44. Qc8+ Kf7 45. Nd4 1-0

[Event "ARG-chT"]
[Site "Villa Martelli"]
[Date "2008.09.06"]
[Round "5"]
[White "Tovillas, Daniel R"]
[Black "Obregon, Carlos Andres"]
[Result "1-0"]
[WhiteElo "2282"]
[BlackElo "2399"]
[PlyCount "105"]
[EventDate "2008.08.09"]
[EventType "team-tourn"]
[EventRounds "9"]
[EventCountry "ARG"]
[SourceTitle "EXT 2009"]
[Source "ChessBase"]
[SourceDate "2008.11.26"]
[SourceVersion "1"]
[SourceVersionDate "2008.11.26"]
[SourceQuality "1"]

1. e4 c5 2. c3 Nf6 3. e5 Nd5 4. d4 cxd4 5. Bc4 Nb6 6. Bb3 e6 7. Nf3 d6 8. 0-0 Bd7 9. exd6 Bc6 10. Nxd4 Bxd6 11. Qg4 0-0 12. Bg5 Be7 13. Nxe6 Bxg5 14. Nxd8 Bxd8 15. Nd2 N8d7 16. Rfe1 g6 17. Ne4 Nf6 18. Nxf6+ Bxf6 19. Rad1 Kg7 20. Rd6 Rfe8 21. Rxe8 Rxe8 22. Qd1 Nc8 23. Rxf6 Kxf6 24. Qd4+ Ke7 25. h4 f6 26. h5 a6 27. Qe3+ Kd7 28. Qh6 gxh5 29. Qxh7+ Re7 30. Qf5+ Kc7 31. Qxf6 Re1+ 32. Kh2 Nd6 33. f3 Re2 34. Kg3 Bd7 35. Kh2 Nf5 36. Bc4 Rxb2 37. Be6 Bxe6 38. Qxe6 Nd6 39. f4 Rb5 40. Qe7+ Kc6 41. g3 Rc5 42. Qe3 a5 43. Qd3 b6 44. Kh3 Nf5 45. Qf3+ Kb5 46. Qxh5 Ka4 47. Qd1+ Kb5 48. Qd3+ Kc6 49. g4 Nd6 50. g5 Rf5 51. Kg4 Rf8 52. c4 Kc7 53. Qd5 1-0

[Event "American Continental 03rd"]
[Site "Buenos Aires"]
[Date "2005.08.14"]
[Round "9"]
[White "Elias, Leonardo"]
[Black "Tovillas, Daniel R"]
[Result "0-1"]
[WhiteElo "2061"]
[BlackElo "2310"]
[PlyCount "78"]
[EventDate "2005.08.06"]
[EventType "swiss"]
[EventRounds "11"]
[EventCountry "ARG"]
[SourceTitle "CBM 107 Extra"]
[Source "ChessBase"]
[SourceDate "2005.09.01"]
[SourceVersion "1"]
[SourceVersionDate "2005.09.01"]
[SourceQuality "1"]

1. e4 c5 2. Nf3 Nc6 3. g3 g6 4. Bg2 Bg7 5. 0-0 d6 6. Re1 Nf6 7. c3 Bg4 8. h3 Bxf3 9. Bxf3 0-0 10. Bg2 e5 11. d3 Qc7 12. Bg5 Rfe8 13. Bxf6 Bxf6 14. Nd2 Rad8 15. Nf1 Qb6 16. Qf3 Bg7 17. h4 Bh6 18. Re2 Rf8 19. h5 Qc7 20. a3 a5 21. a4 Rb8 22. Nh2 Qe7 23. Qg4 Kh8 24. hxg6 fxg6 25. Qh3 Kg7 26. Bf3 Bg5 27. Bg4 Rf6 28. Nf3 Rf7 29. Kg2 Rbf8 30. Ra3 h6 31. Nxg5 Qxg5 32. Be6 Re7 33. Bd5 Qf6 34. g4 Qg5 35. f3 Rf4 36. Kg3 Re8 37. Rb3 Nd8 38. d4 h5 39. Qh4 Rxf3+ 0-1

[Event "Mar del Plata op"]
[Site "Mar del Plata"]
[Date "1993.??.??"]
[Round "7"]
[White "Cristobal, Ruben"]
[Black "Tovillas, Daniel R"]
[Result "0-1"]
[WhiteElo "2220"]
[BlackElo "2345"]
[PlyCount "80"]
[EventDate "1993.05.??"]
[EventType "swiss"]
[EventRounds "9"]
[EventCountry "ARG"]
[SourceTitle "EXT 1998"]
[Source "ChessBase"]
[SourceDate "1997.11.17"]
[SourceVersion "1"]
[SourceVersionDate "1997.11.17"]
[SourceQuality "1"]

1. e4 c5 2. Nf3 Nc6 3. d4 cxd4 4. Nxd4 Nf6 5. Nc3 e5 6. Ndb5 d6 7. Bg5 a6 8. Bxf6 gxf6 9. Na3 b5 10. Nd5 f5 11. exf5 Bxf5 12. Bd3 Be6 13. Be4 Rc8 14. c3 Bg7 15. Qh5 Ne7 16. Nxe7 Qxe7 17. Rd1 b4 18. Nc2 bxc3 19. b3 Rd8 20. Nb4 Rc8 21. 0-0 h6 22. Rd3 0-0 23. Nd5 Bxd5 24. Rxd5 Rfd8 25. Qf5 Qf6 26. Qh7+ Kf8 27. Bd3 Qf4 28. g3 Qf3 29. Bc4 Rc7 30. Rc1 e4 31. Rf5 Qg4 32. Rf4 Qg5 33. h4 Qe5 34. Rxe4 Qa5 35. Rf4 d5 36. Rf5 Qa3 37. Rxc3 Bxc3 38. Qxh6+ Bg7 39. Qf4 Qc5 40. h5 Qd6 0-1

[Event "Mar del Plata op"]
[Site "Mar del Plata"]
[Date "1993.??.??"]
[Round "6"]
[White "Tovillas, Daniel R"]
[Black "Slipak, Sergio"]
[Result "0-1"]
[WhiteElo "2345"]
[BlackElo "2405"]
[PlyCount "70"]
[EventDate "1993.05.??"]
[EventType "swiss"]
[EventRounds "9"]
[EventCountry "ARG"]
[SourceTitle "EXT 1998"]
[Source "ChessBase"]
[SourceDate "1997.11.17"]
[SourceVersion "1"]
[SourceVersionDate "1997.11.17"]
[SourceQuality "1"]

1. b3 Nf6 2. Bb2 g6 3. Nf3 Bg7 4. g3 d6 5. Bg2 e5 6. d3 0-0 7. 0-0 Nh5 8. e4 Nc6 9. Nh4 Nf4 10. Nd2 Nxg2 11. Nxg2 Bh3 12. f3 f5 13. Qe2 Qd7 14. Nc4 Rf7 15. Nce3 Re8 16. Rae1 Nd8 17. Nd1 f4 18. g4 h5 19. gxh5 gxh5 20. Kh1 Bf6 21. Rg1 Kh7 22. Nf2 Be6 23. d4 Qe7 24. dxe5 dxe5 25. Nd3 Nc6 26. Rd1 Bc8 27. Nf2 a5 28. Ne1 Rg7 29. Ned3 Reg8 30. Rdf1 b6 31. Qd1 Bh4 32. Rxg7+ Rxg7 33. Nxf4 Qg5 34. Qd5 Bxf2 35. Qxc6 Qg1+ 0-1

[Event "Buenos Aires Najdorf qual"]
[Site "Buenos Aires"]
[Date "1992.??.??"]
[Round "10"]
[White "Burijovich, Liliana"]
[Black "Tovillas, Daniel R"]
[Result "0-1"]
[WhiteElo "2190"]
[BlackElo "2335"]
[PlyCount "104"]
[EventDate "1992.??.??"]
[EventType "swiss"]
[EventRounds "11"]
[EventCountry "ARG"]
[SourceTitle "EXT 1997"]
[Source "ChessBase"]
[SourceDate "1996.11.15"]
[SourceVersion "1"]
[SourceVersionDate "1996.11.15"]
[SourceQuality "1"]

1. d4 f5 2. g3 Nf6 3. Bg2 g6 4. Nf3 Bg7 5. 0-0 0-0 6. c4 c6 7. Nc3 d6 8. d5 Bd7 9. Rb1 a5 10. Nd4 Qc7 11. a3 Na6 12. e4 fxe4 13. Nxe4 Nxe4 14. Bxe4 Nc5 15. Bg2 a4 16. b4 axb3 17. Nxb3 Na4 18. Qe1 Bf5 19. Be4 Nc3 20. Bxf5 Rxf5 21. Ra1 cxd5 22. cxd5 Qc4 23. Qe6+ Kh8 24. Nd2 Qxd5 25. Qxd5 Rxd5 26. Kg2 Ne2 27. Ra2 Nxc1 28. Rxc1 Bh6 29. Rcc2 Bxd2 30. Rxd2 Rxd2 31. Rxd2 Kg7 32. Rb2 Ra7 33. Rb3 Kf6 34. f4 h6 35. Kf3 d5 36. Ke3 e6 37. Kd4 Ra4+ 38. Ke3 g5 39. fxg5+ hxg5 40. Rxb7 Rxa3+ 41. Kd4 Ra4+ 42. Ke3 e5 43. Rb5 Ra3+ 44. Kf2 Ke6 45. h3 e4 46. Rb6+ Ke5 47. Rg6 Ra2+ 48. Ke1 e3 49. Rxg5+ Ke4 50. h4 d4 51. Rg4+ Kd3 52. Kf1 Ra1+ 0-1

[Event "Buenos Aires Najdorf qual"]
[Site "Buenos Aires"]
[Date "1992.??.??"]
[Round "2"]
[White "Fiorito, Fabian"]
[Black "Tovillas, Daniel R"]
[Result "1-0"]
[WhiteElo "2410"]
[BlackElo "2335"]
[PlyCount "77"]
[EventDate "1992.??.??"]
[EventType "swiss"]
[EventRounds "11"]
[EventCountry "ARG"]
[SourceTitle "EXT 1997"]
[Source "ChessBase"]
[SourceDate "1996.11.15"]
[SourceVersion "1"]
[SourceVersionDate "1996.11.15"]
[SourceQuality "1"]

1. e4 c5 2. Nf3 Nc6 3. d4 cxd4 4. Nxd4 Nf6 5. Nc3 e5 6. Ndb5 d6 7. Bg5 a6 8. Na3 b5 9. Bxf6 gxf6 10. Nd5 f5 11. c3 Bg7 12. exf5 Bxf5 13. Nc2 Rb8 14. Nce3 Be6 15. Bd3 Ne7 16. Nxe7 Qxe7 17. Be4 0-0 18. Qd3 h6 19. 0-0 Kh8 20. Rfd1 Rfd8 21. Bd5 Qg5 22. Rd2 Qf4 23. Rad1 Bc8 24. g3 Qf6 25. Qe4 Bf8 26. Rd3 Be7 27. Bb3 Bb7 28. Nd5 Bxd5 29. Bxd5 Qg6 30. Qb4 f5 31. Qa5 e4 32. R3d2 Bg5 33. Re2 h5 34. Qxa6 h4 35. Qa7 Qh5 36. Qd4+ Kh7 37. Rde1 Qf3 38. Rxe4 h3 39. Rh4+ 1-0

[Event "Mar del Plata op"]
[Site "Mar del Plata"]
[Date "1992.??.??"]
[Round "6"]
[White "Soppe, Guillermo"]
[Black "Tovillas, Daniel R"]
[Result "1/2-1/2"]
[WhiteElo "2440"]
[BlackElo "2335"]
[PlyCount "49"]
[EventDate "1992.??.??"]
[EventType "swiss"]
[EventRounds "9"]
[EventCountry "ARG"]
[SourceTitle "EXT 1998"]
[Source "ChessBase"]
[SourceDate "1997.11.17"]
[SourceVersion "1"]
[SourceVersionDate "1997.11.17"]
[SourceQuality "1"]

1. d4 f5 2. Nc3 Nf6 3. Bg5 d5 4. Bxf6 exf6 5. e3 c6 6. Bd3 Bd6 7. h4 Be6 8. Nh3 Qd7 9. Ne2 h5 10. Rc1 Na6 11. a3 Nc7 12. Nhf4 Bf7 13. c4 g6 14. Qc2 dxc4 15. Bxc4 Bxc4 16. Qxc4 Qf7 17. Kf1 Qxc4 18. Rxc4 Kf7 19. g3 Rhe8 20. Kg2 Rad8 21. Nd3 Nd5 22. Ra4 a6 23. Nc5 Bxc5 24. dxc5 Re4 25. Rd4 1/2-1/2

[Event "Mar del Plata op"]
[Site "Mar del Plata"]
[Date "1992.??.??"]
[Round "9"]
[White "Tovillas, Daniel R"]
[Black "Bravo Sedamanos, Hector"]
[Result "0-1"]
[WhiteElo "2335"]
[BlackElo "2300"]
[PlyCount "79"]
[EventDate "1992.??.??"]
[EventType "swiss"]
[EventRounds "9"]
[EventCountry "ARG"]
[SourceTitle "EXT 1998"]
[Source "ChessBase"]
[SourceDate "1997.11.17"]
[SourceVersion "1"]
[SourceVersionDate "1997.11.17"]
[SourceQuality "1"]

1. e4 e5 2. Nf3 Nc6 3. Bc4 Nf6 4. d3 Bc5 5. c3 d6 6. b4 Bb6 7. a4 a5 8. b5 Ne7 9. 0-0 0-0 10. Nbd2 Ng6 11. Ba3 Bc5 12. Bb2 h6 13. Qc2 Nh5 14. d4 Bb6 15. Ba2 Qf6 16. Nc4 Nhf4 17. Ne1 Qg5 18. f3 h5 19. Nxb6 cxb6 20. Kh1 h4 21. Ba3 Rd8 22. Qf2 Nh5 23. f4 exf4 24. Nf3 Qh6 25. Rfe1 h3 26. g3 Nf6 27. gxf4 Nxf4 28. Bc1 Nd3 29. Bxh6 Nxf2+ 30. Kg1 N2xe4 31. Bg5 Nxc3 32. Re7 Nxa2 33. Rxa2 Be6 34. Rc2 Rab8 35. Nd2 Bd5 36. Bxf6 gxf6 37. Re3 Bg2 38. Rg3+ Kf8 39. Nf3 Rbc8 40. Ne1 0-1

[Event "Buenos Aires Najdorf qual"]
[Site "Buenos Aires"]
[Date "1992.??.??"]
[Round "1"]
[White "Tovillas, Daniel R"]
[Black "Rivero, Jose Luis"]
[Result "1-0"]
[WhiteElo "2335"]
[BlackElo "2215"]
[PlyCount "145"]
[EventDate "1992.??.??"]
[EventType "swiss"]
[EventRounds "11"]
[EventCountry "ARG"]
[SourceTitle "EXT 1997"]
[Source "ChessBase"]
[SourceDate "1996.11.15"]
[SourceVersion "1"]
[SourceVersionDate "1996.11.15"]
[SourceQuality "1"]

1. b3 c5 2. Bb2 Nc6 3. f4 Nf6 4. Nf3 d6 5. e3 a6 6. Be2 e6 7. 0-0 Be7 8. Qe1 0-0 9. Qg3 Bd7 10. Nc3 g6 11. Ng5 d5 12. Qh4 h5 13. Qg3 b5 14. Bf3 b4 15. Nd1 Rc8 16. Nf2 Na7 17. a3 bxa3 18. Rxa3 Qb6 19. Raa1 Nb5 20. Nd3 Nd6 21. Ne5 Nf5 22. Nxd7 Nxd7 23. Qh3 Bxg5 24. fxg5 d4 25. e4 Ng7 26. Be2 c4 27. Kh1 Ne5 28. Qg3 Nd7 29. Ba3 d3 30. cxd3 cxb3 31. Bxf8 Rxf8 32. d4 a5 33. Rfb1 Rb8 34. Qc3 e5 35. Qxa5 Qxd4 36. Qd5 b2 37. Qxd4 exd4 38. Ra2 Nc5 39. d3 Nge6 40. Raxb2 Rxb2 41. Rxb2 Nxg5 42. Kg1 Nge6 43. g3 h4 44. Kf2 hxg3+ 45. hxg3 Kg7 46. Ra2 f5 47. exf5 gxf5 48. Ra3 Kf6 49. Bf3 Ke5 50. Ke2 Kd6 51. Ra8 Ke5 52. Ra7 Ng5 53. Ra5 Kd6 54. Bg2 Nge6 55. Bh3 Ke5 56. Rb5 Kf6 57. Bg2 Ke5 58. Bb7 Kf6 59. Bc8 Na4 60. Rb4 Nac5 61. Bxe6 Nxe6 62. Rb5 Nc7 63. Rc5 Ne6 64. Rd5 Kg5 65. Kf3 Kf6 66. g4 fxg4+ 67. Kxg4 Kg6 68. Kf3 Kf7 69. Ke4 Kf6 70. Rxd4 Nxd4 71. Kxd4 Ke6 72. Kc5 Ke7 73. Kc6 1-0

[Event "Buenos Aires BCA op"]
[Site "Buenos Aires"]
[Date "1988.??.??"]
[Round "?"]
[White "Servat, Roberto"]
[Black "Tovillas, Daniel R"]
[Result "1-0"]
[WhiteElo "2285"]
[BlackElo "2355"]
[PlyCount "43"]
[EventDate "1988.??.??"]
[EventType "swiss"]
[EventRounds "9"]
[EventCountry "ARG"]
[SourceTitle "EXT 1997"]
[Source "ChessBase"]
[SourceDate "1996.11.15"]
[SourceVersion "1"]
[SourceVersionDate "1996.11.15"]
[SourceQuality "1"]

1. d4 f5 2. g3 Nf6 3. Bg2 g6 4. Nf3 Bg7 5. 0-0 0-0 6. c4 d6 7. Nc3 c6 8. d5 Qb6 9. Rb1 Qa6 10. b3 Nbd7 11. Nd4 cxd5 12. Nxd5 Nxd5 13. Bxd5+ Kh8 14. Ne6 Qxa2 15. Bd2 Nf6 16. Nxf8 Bxf8 17. Bc3 Qa3 18. Bxf6+ exf6 19. Qd4 Kg7 20. Ra1 Qc5 21. Qxc5 dxc5 22. Rfd1 1-0